[Event "Vaujany op 5th"]
[Site "Vaujany"]
[Date "2014.07.13"]
[Round "4.12"]
[White "Joie, Sebastien"]
[Black "Moal, Alain"]
[Result "1-0"]
[WhiteElo "2361"]
[BlackElo "2125"]
[PlyCount "53"]
[EventDate "2014.07.10"]
[EventType "swiss"]
[EventRounds "9"]
[EventCountry "FRA"]
[SourceTitle "EXT 2017"]
[Source "ChessBase"]
[SourceDate "2016.10.25"]
[SourceVersion "1"]
[SourceVersionDate "2016.10.25"]
[SourceQuality "1"]

1. Nf3 Nf6 2. c4 g6 3. g3 Bg7 4. Bg2 d5 5. cxd5 Nxd5 6. Nc3 0-0 7. h4 h6 8. d4 c5 9. Nxd5 Qxd5 10. Be3 cxd4 11. 0-0 Rd8 12. Nxd4 Qa5 13. Qc1 Na6 14. Nb3 Qe5 15. Bxh6 Qxb2 16. Bxg7 Qxg7 17. Qa3 Qf8 18. Rad1 Rb8 19. h5 gxh5 20. Qa5 Bg4 21. Bxb7 Bxe2 22. Rxd8 Qxd8 23. Qg5+ Kf8 24. Qh6+ Kg8 25. Be4 f5 26. Bxf5 Bc4 27. Be6+ 1-0

[Event "Vaujany op 5th"]
[Site "Vaujany"]
[Date "2014.07.10"]
[Round "1.5"]
[White "Van Foreest, Jorden"]
[Black "Moal, Alain"]
[Result "1-0"]
[WhiteElo "2461"]
[BlackElo "2125"]
[PlyCount "59"]
[EventDate "2014.07.10"]
[EventType "swiss"]
[EventRounds "9"]
[EventCountry "FRA"]
[SourceTitle "EXT 2017"]
[Source "ChessBase"]
[SourceDate "2016.10.25"]
[SourceVersion "1"]
[SourceVersionDate "2016.10.25"]
[SourceQuality "1"]

1. e4 c5 2. Nf3 e6 3. g3 Nc6 4. Bg2 d5 5. exd5 exd5 6. d4 h6 7. 0-0 Nf6 8. Re1+ Be6 9. Be3 c4 10. b3 b5 11. a4 a6 12. Ne5 Rc8 13. axb5 axb5 14. bxc4 bxc4 15. Ra6 Nb4 16. Rxe6+ fxe6 17. Bf3 g6 18. Nxg6 Rh7 19. Bd2 Bd6 20. Bxb4 Bxb4 21. Rxe6+ Kf7 22. Nf4 Bd6 23. Bh5+ Kf8 24. Qf3 Bxf4 25. Qxf4 Kg7 26. Qe5 Qf8 27. Nc3 Rd8 28. Ne2 Rd7 29. Nf4 Qd8 30. Rxf6 1-0

[Event "EU-ch 12th"]
[Site "Aix les Bains"]
[Date "2011.03.26"]
[Round "5"]
[White "Moal, Alain"]
[Black "Manea, Alexandru"]
[Result "0-1"]
[WhiteElo "2224"]
[BlackElo "2392"]
[PlyCount "192"]
[EventDate "2011.03.22"]
[EventType "swiss"]
[EventRounds "11"]
[EventCountry "FRA"]
[SourceTitle "CBM 142 Extra"]
[Source "ChessBase"]
[SourceDate "2011.06.27"]
[SourceVersion "1"]
[SourceVersionDate "2011.06.27"]
[SourceQuality "1"]

1. e4 c5 2. Nf3 Nc6 3. d4 cxd4 4. Nxd4 Qc7 5. Nc3 e6 6. Be3 Nf6 7. Be2 a6 8. 0-0 Bb4 9. Na4 Be7 10. Nxc6 bxc6 11. Nb6 Rb8 12. Nxc8 Qxc8 13. Bd4 c5 14. Be5 Rb6 15. Qd3 0-0 16. b3 d6 17. Bb2 Nd7 18. f4 Bf6 19. Bxf6 Nxf6 20. e5 dxe5 21. fxe5 Nd7 22. Qe4 Rb4 23. c4 Qb7 24. Qxb7 Rxb7 25. Bf3 Rb6 26. Rfe1 Rd8 27. Rad1 Kf8 28. Kf2 Ke7 29. Kg3 Nf8 30. Rxd8 Kxd8 31. Rd1+ Ke7 32. Kf4 Ng6+ 33. Ke4 Nh4 34. g4 Ng6 35. Rd2 h6 36. Be2 a5 37. Bd1 Rb8 38. Rd3 Rd8 39. Rxd8 Kxd8 40. Bc2 Ke7 41. Bd1 f6 42. exf6+ gxf6 43. Bc2 Kd6 44. Bd1 Ne7 45. Bc2 f5+ 46. gxf5 Nxf5 47. Bd3 Nd4 48. Bf1 Ke7 49. Bd3 Kf6 50. Kf4 Nf5 51. Bc2 Nd6 52. Bb1 Nf7 53. Bc2 Ng5 54. Bb1 Nh3+ 55. Kg3 Ng5 56. Kf4 Nf7 57. Bc2 Ne5 58. Bb1 Nc6 59. Bd3 Nd4 60. Bf1 Nf5 61. Bd3 Ne7 62. Bc2 Nc8 63. Bd3 Nd6 64. Be4 Nf7 65. Bd3 Ng5 66. Bc2 e5+ 67. Kg4 Ne6 68. Be4 Nd4 69. Bd3 Kf7 70. Kh5 Kg7 71. Kg4 Kf6 72. Kh5 Nf3 73. h3 Kg7 74. Kg4 Nd4 75. Kh5 Ne6 76. Kg4 Nf4 77. Be4 Kf6 78. Bc2 Ne2 79. Kh5 Nc3 80. a3 e4 81. Kg4 Ke5 82. h4 e3 83. Kf3 Kd4 84. Bg6 a4 85. bxa4 Nxa4 86. Bc2 Nb2 87. Ke2 Nxc4 88. a4 Na5 89. Bd1 c4 90. Bc2 Nc6 91. Bd1 Ke4 92. Bc2+ Kf4 93. Bg6 Nd4+ 94. Ke1 c3 95. Kd1 e2+ 96. Ke1 Ke3 0-1

[Event "EU-ch 12th"]
[Site "Aix les Bains"]
[Date "2011.03.24"]
[Round "3"]
[White "Moal, Alain"]
[Black "Kurmann, Oliver"]
[Result "1-0"]
[WhiteElo "2224"]
[BlackElo "2446"]
[PlyCount "69"]
[EventDate "2011.03.22"]
[EventType "swiss"]
[EventRounds "11"]
[EventCountry "FRA"]
[SourceTitle "CBM 142 Extra"]
[Source "ChessBase"]
[SourceDate "2011.06.27"]
[SourceVersion "1"]
[SourceVersionDate "2011.06.27"]
[SourceQuality "1"]

1. e4 c5 2. Nf3 e6 3. d4 cxd4 4. Nxd4 Nc6 5. Nc3 a6 6. Nxc6 bxc6 7. Bd3 d5 8. 0-0 Nf6 9. Qe2 Be7 10. b3 0-0 11. Bb2 Bb7 12. Rad1 Qc7 13. Na4 Rfd8 14. e5 Nd7 15. c4 dxc4 16. Bxc4 a5 17. Bd4 c5 18. Bc3 Bc6 19. Bb5 Bd5 20. f4 g6 21. Rd2 Qb7 22. Rfd1 Rdb8 23. Bc4 Bc6 24. Qg4 Nb6 25. Nxb6 Qxb6 26. Bxe6 fxe6 27. Qxe6+ Kf8 28. Rd6 Ra6 29. f5 g5 30. Qh6+ Kg8 31. f6 Bf8 32. Qxg5+ Kh8 33. e6 c4+ 34. Bd4 h6 35. Qg4 1-0

[Event "Vaujany op 1st"]
[Site "Vaujany"]
[Date "2010.07.11"]
[Round "2"]
[White "Moal, Alain"]
[Black "Lobzhanidze, Davit"]
[Result "0-1"]
[WhiteElo "2207"]
[BlackElo "2513"]
[PlyCount "122"]
[EventDate "2010.07.10"]
[EventType "swiss"]
[EventRounds "9"]
[EventCountry "FRA"]
[SourceTitle "CBM 137 Extra"]
[Source "ChessBase"]
[SourceDate "2010.09.01"]
[SourceVersion "1"]
[SourceVersionDate "2010.09.01"]
[SourceQuality "1"]

1. e4 e5 2. Nf3 Nc6 3. Bb5 a6 4. Ba4 Nf6 5. Qe2 b5 6. Bb3 Bc5 7. c3 d6 8. d3 h6 9. Nbd2 Bb6 10. Nf1 Na5 11. Bc2 c5 12. Ng3 Nc6 13. 0-0 0-0 14. h3 Be6 15. Re1 Re8 16. Bd2 Ra7 17. b3 Rd7 18. a4 b4 19. c4 Nh7 20. Be3 Nf8 21. Qd2 Qf6 22. Qe2 Bd8 23. Rf1 Qg6 24. Kh2 Bg5 25. Nxg5 hxg5 26. Qh5 Qxh5 27. Nxh5 f6 28. Ng3 g6 29. Ne2 Rh7 30. f3 a5 31. Rae1 Bc8 32. Ng1 Ne6 33. g3 Ncd4 34. Bd1 Kg7 35. Kg2 Reh8 36. Rf2 Nf8 37. Ref1 Rxh3 38. Nxh3 Bxh3+ 39. Kg1 Bxf1 40. Rxf1 Nfe6 41. Kg2 f5 42. Bc1 Rf8 43. Rf2 g4 44. fxg4 f4 45. g5 Nxg5 46. gxf4 Nge6 47. f5 gxf5 48. exf5 Rxf5 49. Rxf5 Nxf5 50. Kf3 Kf6 51. Bd2 Ne7 52. Be1 Kf5 53. Ke3 d5 54. Bh4 d4+ 55. Kf3 Ng6 56. Bg3 Ng5+ 57. Ke2 Nf4+ 58. Kd2 e4 59. Be2 Nf3+ 60. Kd1 Kg4 61. Bh2 Nxe2 0-1

[Event "Cannes op"]
[Site "Cannes"]
[Date "1995.??.??"]
[Round "5"]
[White "Moal, Alain"]
[Black "Weindl, Alfred"]
[Result "1/2-1/2"]
[WhiteElo "2325"]
[BlackElo "2385"]
[PlyCount "134"]
[EventDate "1995.02.??"]
[EventType "swiss"]
[EventRounds "9"]
[EventCountry "FRA"]
[SourceTitle "CBM 046 Extra"]
[Source "ChessBase"]
[SourceDate "1995.07.01"]
[SourceVersion "1"]
[SourceVersionDate "1995.07.01"]
[SourceQuality "1"]

1. e4 c5 2. Nf3 Nc6 3. Bb5 e6 4. 0-0 Nge7 5. c3 a6 6. Ba4 c4 7. d4 cxd3 8. c4 Ng6 9. Qxd3 Be7 10. Nc3 0-0 11. Be3 d6 12. Rad1 Qc7 13. Qe2 Bd7 14. Bxc6 bxc6 15. Qd2 Rfd8 16. h4 e5 17. h5 Nf8 18. Nh2 Ne6 19. Rfe1 h6 20. Nf1 Nd4 21. Bxd4 exd4 22. Qxd4 Bg4 23. Rd2 Bf6 24. Qd3 Bxh5 25. Ng3 Bg4 26. Nf5 Bg5 27. Ne3 Be6 28. Red1 Qa5 29. b3 Qc5 30. Ne2 a5 31. Nd4 a4 32. b4 Qb6 33. Nxe6 fxe6 34. a3 Ra7 35. Re2 Rf7 36. Nc2 e5 37. Ne3 g6 38. Qc2 Rdf8 39. Rxd6 Rxf2 40. c5 Bxe3 41. Qc4+ Kh8 42. Rxe3 Qc7 43. Qe6 Qg7 44. Qxg6 Rf1+ 45. Kh2 Qxg6 46. Rxg6 R8f6 47. Rxf6 Rxf6 48. Rf3 Rg6 49. Rf5 Kg7 50. Kh3 Re6 51. Rf3 Re7 52. Rd3 Rf7 53. Rd6 Rf4 54. Rxc6 Rxe4 55. Ra6 Rc4 56. c6 Kf6 57. b5 Ke7 58. Kg3 Kd6 59. Ra8 Kc7 60. Kf3 Rc3+ 61. Ke4 Rxa3 62. Ra7+ Kd6 63. Rd7+ Ke6 64. b6 Rb3 65. b7 a3 66. c7 Rb4+ 67. Kd3 Rxb7 1/2-1/2

[Event "Toulouse"]
[Site "Toulouse"]
[Date "1994.??.??"]
[Round "?"]
[White "Eslon, Jaan"]
[Black "Moal, Alain"]
[Result "1/2-1/2"]
[WhiteElo "2435"]
[BlackElo "2340"]
[PlyCount "50"]
[EventDate "1994.07.??"]
[EventType "tourn"]
[EventRounds "9"]
[EventCountry "FRA"]
[EventCategory "6"]
[SourceTitle "EXT 2006"]
[Source "ChessBase"]
[SourceDate "2005.11.24"]
[SourceVersion "1"]
[SourceVersionDate "2005.11.24"]
[SourceQuality "1"]

1. d4 Nf6 2. c4 g6 3. Nc3 d5 4. Nf3 Bg7 5. e3 0-0 6. Bd2 c5 7. dxc5 Na6 8. cxd5 Nxc5 9. Bc4 a6 10. a4 Bf5 11. 0-0 Rc8 12. Nd4 Be4 13. a5 Nxd5 14. f3 Nxc3 15. Bxc3 Bd5 16. Bxd5 Qxd5 17. Qe2 Nb3 18. Nxb3 Bxc3 19. bxc3 Qxb3 20. Rab1 Qxc3 21. Rxb7 Qxa5 22. Rxe7 Qc5 23. Rb7 Rfe8 24. Qxa6 Rxe3 25. Kh1 Qc4 1/2-1/2

[Event "Toulouse"]
[Site "Toulouse"]
[Date "1994.??.??"]
[Round "?"]
[White "Moal, Alain"]
[Black "Bricard, Emmanuel"]
[Result "0-1"]
[WhiteElo "2340"]
[BlackElo "2455"]
[PlyCount "114"]
[EventDate "1994.07.??"]
[EventType "tourn"]
[EventRounds "9"]
[EventCountry "FRA"]
[EventCategory "6"]
[SourceTitle "EXT 2006"]
[Source "ChessBase"]
[SourceDate "2005.11.24"]
[SourceVersion "1"]
[SourceVersionDate "2005.11.24"]
[SourceQuality "1"]

1. e4 g6 2. d4 Bg7 3. Nc3 c6 4. Bc4 d6 5. Qf3 e6 6. Nge2 Nd7 7. a4 Ngf6 8. 0-0 0-0 9. h3 Qc7 10. Bf4 e5 11. Be3 exd4 12. Nxd4 Ne5 13. Qe2 Nxc4 14. Qxc4 Qe7 15. Nde2 Nd7 16. Ng3 Ne5 17. Qe2 Be6 18. Rfd1 Nc4 19. Bd4 Nxb2 20. Bxg7 Kxg7 21. Rd4 Qf6 22. e5 Qxe5 23. Qxe5+ dxe5 24. Rb4 Nc4 25. Rxb7 Nd6 26. Rc7 Rfc8 27. Rxc8 Rxc8 28. Re1 Nc4 29. Nce4 Rb8 30. Nc5 Bd5 31. Nd7 Rb4 32. Nc5 a5 33. f3 f6 34. c3 Rb2 35. Re2 Rb1+ 36. Kf2 Rc1 37. Nge4 f5 38. Nb3 Rb1 39. Nec5 h5 40. Re1 Rxe1 41. Kxe1 h4 42. Nb7 Ne3 43. N7xa5 Nxg2+ 44. Kf2 Nf4 45. c4 Nxh3+ 46. Ke3 f4+ 47. Ke2 Bf7 48. Nd2 g5 49. Nb7 e4 50. a5 Ng1+ 51. Kd1 e3 52. a6 h3 53. a7 h2 54. a8Q h1Q 55. Qa5 Nxf3+ 56. Kc2 Qg2 57. Qc3+ Kh7 0-1

[Event "FRA-chT2 9495"]
[Site "France"]
[Date "1994.??.??"]
[Round "?"]
[White "Moal, Alain"]
[Black "Lagunes, Jean Renaud"]
[Result "1/2-1/2"]
[WhiteElo "2325"]
[BlackElo "2150"]
[PlyCount "128"]
[EventDate "1994.??.??"]
[EventType "team"]
[EventRounds "11"]
[EventCountry "FRA"]
[SourceTitle "EXT 2008"]
[Source "ChessBase"]
[SourceDate "2007.11.25"]
[SourceVersion "1"]
[SourceVersionDate "2007.11.25"]
[SourceQuality "1"]

1. e4 d6 2. d4 Nf6 3. Nc3 g6 4. Nf3 Bg7 5. Be2 0-0 6. 0-0 c6 7. Re1 Na6 8. Bf4 Nh5 9. Be3 f5 10. exf5 gxf5 11. Bg5 Nf6 12. Bc4+ d5 13. Bxa6 bxa6 14. Bxf6 exf6 15. Na4 Rb8 16. c3 Bh6 17. Qd3 Qc7 18. Re2 Qg7 19. Nc5 Kh8 20. Rae1 Rg8 21. g3 Qg4 22. Re8 Rxb2 23. Rxg8+ Qxg8 24. Nh4 f4 25. Nf5 fxg3 26. hxg3 Bxf5 27. Qxf5 Bg5 28. Ne6 Qg6 29. Qxg6 hxg6 30. Nxg5 fxg5 31. Re6 Kg7 32. Rxc6 Rxa2 33. Rd6 Ra3 34. Rxd5 Rxc3 35. Rd7+ Kf6 36. Rd6+ Kf5 37. Rxa6 Rc7 38. Kf1 Rd7 39. Ra5+ Kf6 40. Ra4 Kf5 41. Ke2 g4 42. Kd3 Rb7 43. Ra5+ Kf6 44. Ke4 Rb2 45. Ra6+ Kg5 46. d5 Rxf2 47. Rxa7 Rf3 48. d6 Kf6 49. Rh7 Ke6 50. Rg7 Kxd6 51. Rxg6+ Ke7 52. Rxg4 Rf1 53. Ke5 Rf2 54. Rf4 Rg2 55. Rg4 Kf7 56. Rg5 Rg1 57. g4 Rg2 58. Kf4 Rg1 59. Ra5 Kg6 60. Ra6+ Kf7 61. Kg5 Rg2 62. Ra7+ Kg8 63. Kf5 Rg1 64. g5 Rb1 1/2-1/2

[Event "Val Thorens op"]
[Site "Val Thorens"]
[Date "1994.??.??"]
[Round "5"]
[White "Moal, Alain"]
[Black "Lalic, Bogdan"]
[Result "0-1"]
[WhiteElo "2340"]
[BlackElo "2530"]
[PlyCount "50"]
[EventDate "1994.??.??"]
[EventType "swiss"]
[EventRounds "9"]
[EventCountry "FRA"]
[SourceTitle "EXT 1999"]
[Source "ChessBase"]
[SourceDate "1998.11.16"]
[SourceVersion "1"]
[SourceVersionDate "1998.11.16"]
[SourceQuality "1"]

1. e4 d5 2. exd5 Nf6 3. d4 Nxd5 4. c4 Nb6 5. Nf3 Bg4 6. Be2 e6 7. Nc3 Be7 8. Be3 Nc6 9. c5 Nd5 10. Ne5 Bxe2 11. Nxc6 Bxd1 12. Nxd8 Rxd8 13. Rxd1 f5 14. Nxd5 Rxd5 15. Bf4 Bf6 16. Bxc7 Bxd4 17. b4 Kd7 18. Bf4 a5 19. bxa5 e5 20. Be3 Ra8 21. f4 Kc6 22. Ke2 Rxa5 23. fxe5 Rxa2+ 24. Kf3 Ra3 25. Rhe1 Bxe3 0-1

[Event "Toulouse"]
[Site "Toulouse"]
[Date "1994.??.??"]
[Round "?"]
[White "Moal, Alain"]
[Black "Reyes Larena, Juan"]
[Result "1/2-1/2"]
[WhiteElo "2340"]
[BlackElo "2450"]
[PlyCount "123"]
[EventDate "1994.07.??"]
[EventType "tourn"]
[EventRounds "9"]
[EventCountry "FRA"]
[EventCategory "6"]
[SourceTitle "EXT 2006"]
[Source "ChessBase"]
[SourceDate "2005.11.24"]
[SourceVersion "1"]
[SourceVersionDate "2005.11.24"]
[SourceQuality "1"]

1. e4 e5 2. Nf3 Nc6 3. Bb5 a6 4. Ba4 d6 5. Bxc6+ bxc6 6. d4 f6 7. Nc3 Ne7 8. Be3 Ng6 9. Qe2 Be7 10. 0-0-0 Bd7 11. dxe5 fxe5 12. Qc4 Bf6 13. h4 Qe7 14. Bg5 h5 15. Bxf6 gxf6 16. g3 Qf7 17. Qd3 a5 18. b3 Bg4 19. Rd2 Be6 20. Rhd1 Qh7 21. Kb2 Ke7 22. Ne1 Rhb8 23. Kb1 Qh6 24. Ng2 Rb4 25. f4 Nf8 26. fxe5 fxe5 27. Qf3 Bg4 28. Qf2 Bxd1 29. Rxd1 Ne6 30. Ne3 Rf8 31. Nf5+ Rxf5 32. Qxf5 Rb8 33. Qf2 Nc5 34. Rf1 Rf8 35. Qxf8+ Qxf8 36. Rxf8 Kxf8 37. Kb2 Kf7 38. Kc1 Ke6 39. Kd2 d5 40. exd5+ cxd5 41. Ke2 d4 42. Nd1 Kf5 43. Nb2 Ne4 44. a4 Nd6 45. b4 Nb7 46. bxa5 Nxa5 47. Nd3 Nc4 48. Nc5 e4 49. Nb3 d3+ 50. cxd3 exd3+ 51. Kxd3 Nb2+ 52. Ke3 Nxa4 53. Kf3 c5 54. Na1 Nb6 55. Nc2 Nc4 56. Ne1 Ne5+ 57. Ke3 Kg4 58. Kf2 c4 59. Nc2 Kh3 60. Nd4 c3 61. Nc2 Nc4 62. Kf3 1/2-1/2

[Event "Val Thorens op"]
[Site "Val Thorens"]
[Date "1994.??.??"]
[Round "8"]
[White "Moal, Alain"]
[Black "Roser, Kevin"]
[Result "1-0"]
[WhiteElo "2340"]
[BlackElo "1860"]
[PlyCount "85"]
[EventDate "1994.??.??"]
[EventType "swiss"]
[EventRounds "9"]
[EventCountry "FRA"]
[SourceTitle "EXT 1999"]
[Source "ChessBase"]
[SourceDate "1998.11.16"]
[SourceVersion "1"]
[SourceVersionDate "1998.11.16"]
[SourceQuality "1"]

1. e4 d6 2. d4 Nf6 3. Nc3 g6 4. Nf3 Bg7 5. Be2 0-0 6. 0-0 Bg4 7. Be3 Nc6 8. Nd2 Bxe2 9. Qxe2 Nd7 10. d5 Nd4 11. Qd1 c5 12. Nb3 Nxb3 13. axb3 a6 14. Qe2 b5 15. Ra2 Qc7 16. Rfa1 Qb7 17. Bg5 Nb6 18. h4 e6 19. dxe6 fxe6 20. Qg4 Rfe8 21. Be3 Nd7 22. h5 Nf6 23. Qf4 b4 24. Ne2 e5 25. Qh4 Nxh5 26. f3 Bf6 27. Qf2 Ng7 28. Nc1 Ne6 29. Qe2 Nc7 30. Nd3 Qb5 31. Ra5 Qc6 32. Nf2 Nb5 33. Qc4+ Kh8 34. c3 bxc3 35. bxc3 Rec8 36. Bh6 Qb7 37. Ng4 Bg7 38. Bg5 Rf8 39. Ne3 Bf6 40. Bxf6+ Rxf6 41. Qd5 Qxd5 42. Nxd5 Rf7 43. Rxb5 1-0

[Event "Toulouse"]
[Site "Toulouse"]
[Date "1994.??.??"]
[Round "?"]
[White "Moal, Alain"]
[Black "Salaun, Yann"]
[Result "0-1"]
[WhiteElo "2340"]
[BlackElo "2335"]
[PlyCount "140"]
[EventDate "1994.07.??"]
[EventType "tourn"]
[EventRounds "9"]
[EventCountry "FRA"]
[EventCategory "6"]
[SourceTitle "EXT 2006"]
[Source "ChessBase"]
[SourceDate "2005.11.24"]
[SourceVersion "1"]
[SourceVersionDate "2005.11.24"]
[SourceQuality "1"]

1. e4 c5 2. Nf3 e6 3. d4 cxd4 4. Nxd4 a6 5. Bd3 Nf6 6. c4 Nc6 7. Be3 Ne5 8. 0-0 b6 9. f3 Bb7 10. Be2 Rc8 11. Nd2 Bc5 12. a3 0-0 13. b4 Be7 14. f4 Ng6 15. Qb1 d6 16. f5 exf5 17. Nxf5 Nd7 18. Qd3 Nde5 19. Qd4 Bg5 20. Rad1 Bxe3+ 21. Qxe3 Qc7 22. Qd4 Rfd8 23. Rf2 Nf8 24. Nf1 Ne6 25. Qe3 b5 26. cxb5 axb5 27. Nd4 Nxd4 28. Qxd4 d5 29. Rf5 f6 30. Qe3 dxe4 31. Rxd8+ Qxd8 32. Bxb5 Qd5 33. Be2 Nf3+ 34. Rxf3 exf3 35. Bxf3 Qd7 36. Qb3+ Kf8 37. Bxb7 Qxb7 38. b5 Qb6+ 39. Ne3 Qd4 40. b6 Re8 41. Kf2 Rb8 42. b7 Qf4+ 43. Ke2 Qe4 44. Qb4+ Qxb4 45. axb4 Rxb7 46. Nc2 Ke7 47. Kd3 Kd6 48. g3 Kc6 49. Kc4 Re7 50. Nd4+ Kb6 51. Nf5 Rd7 52. Ne3 Rc7+ 53. Kd5 Re7 54. Kd4 Kb5 55. h4 Ra7 56. Nc2 Rc7 57. Ne3 Ra7 58. Nc2 Ka4 59. Kc3 Rc7+ 60. Kb2 Rc4 61. b5 Kxb5 62. Na3+ Kc5 63. Nxc4 Kxc4 64. Kc2 Kd4 65. Kd2 Ke4 66. Ke2 h5 67. Kf2 f5 68. Ke2 f4 69. Kf2 fxg3+ 70. Kxg3 Ke3 0-1

[Event "Cannes op"]
[Site "Cannes"]
[Date "1990.??.??"]
[Round "7"]
[White "Astolfi, Frederic"]
[Black "Moal, Alain"]
[Result "0-1"]
[WhiteElo "2255"]
[BlackElo "2060"]
[PlyCount "104"]
[EventDate "1990.02.??"]
[EventType "swiss"]
[EventRounds "9"]
[EventCountry "FRA"]
[SourceTitle "EXT 1997"]
[Source "ChessBase"]
[SourceDate "1996.11.15"]
[SourceVersion "1"]
[SourceVersionDate "1996.11.15"]
[SourceQuality "1"]

1. d4 Nf6 2. c4 g6 3. Nc3 d5 4. Nf3 Bg7 5. Bg5 Ne4 6. cxd5 Nxg5 7. Nxg5 e6 8. Qd2 exd5 9. Qe3+ Kf8 10. Qf4 Bf6 11. h4 h6 12. Nf3 Be6 13. 0-0-0 c6 14. e4 dxe4 15. Nxe4 Kg7 16. Ne5 Nd7 17. Nxd7 Bxd7 18. Bc4 Rf8 19. g4 Be6 20. Bxe6 fxe6 21. Qe3 Qd5 22. f4 Rad8 23. Nc5 Rfe8 24. Nb3 c5 25. dxc5 Qg2 26. Nd2 Bd4 27. Qb3 Bxc5 28. Kb1 Qxg4 29. Qxb7+ Re7 30. Qe4 Qf5 31. Rhe1 Red7 32. Kc1 Bf2 33. Qe5+ Kf7 34. Qxf5+ exf5 35. Re2 Rc7+ 36. Kb1 Bxh4 37. Rg1 Bf6 38. Nf3 g5 39. fxg5 hxg5 40. Ne5+ Bxe5 41. Rxe5 Kf6 42. Ra5 Rd6 43. a3 Kg6 44. b4 g4 45. Re5 Kg5 46. Re8 Rg7 47. Kc2 f4 48. Rf8 Rdd7 49. a4 g3 50. Re8 Kg4 51. Re4 Kf3 52. Ree1 g2 0-1

[Event "Cannes op"]
[Site "Cannes"]
[Date "1990.??.??"]
[Round "1"]
[White "Kaabi, Mejdi"]
[Black "Moal, Alain"]
[Result "1/2-1/2"]
[WhiteElo "2330"]
[BlackElo "2060"]
[PlyCount "184"]
[EventDate "1990.02.??"]
[EventType "swiss"]
[EventRounds "9"]
[EventCountry "FRA"]
[SourceTitle "EXT 1997"]
[Source "ChessBase"]
[SourceDate "1996.11.15"]
[SourceVersion "1"]
[SourceVersionDate "1996.11.15"]
[SourceQuality "1"]

1. d4 Nf6 2. Nf3 g6 3. c4 Bg7 4. Nc3 d5 5. Bg5 Ne4 6. cxd5 Nxg5 7. Nxg5 e6 8. Qd2 exd5 9. Qe3+ Kf8 10. Qf4 Bf6 11. h4 h6 12. Nf3 Be6 13. 0-0-0 c6 14. e3 Nd7 15. Bd3 Qb8 16. Ne2 Be7 17. Qxb8+ Rxb8 18. Nf4 Bg4 19. Be2 Bd6 20. Nd2 Bxe2 21. Nxe2 Re8 22. Nc3 Kg7 23. a3 Re7 24. Kc2 Nf6 25. Rhe1 Rhe8 26. Re2 a5 27. Rde1 b5 28. Na2 Nd7 29. Rb1 Bc7 30. Kd1 Bb6 31. Rc1 Re6 32. Nf3 Rd6 33. Rec2 Ree6 34. b4 a4 35. Nc3 Bd8 36. Ke1 f5 37. Ne2 g5 38. hxg5 hxg5 39. Ne5 Nxe5 40. dxe5 Rxe5 41. Rxc6 Rd7 42. Kd1 d4 43. exd4 Bf6 44. Rc7 Red5 45. Rxd7+ Rxd7 46. Rc2 Kf7 47. Rd2 Rc7 48. Rc2 Rd7 49. Rc5 Bxd4 50. Nxd4 Rxd4+ 51. Ke2 Re4+ 52. Kd3 Re1 53. Rxf5+ Kg6 54. Rc5 Ra1 55. Rc3 Ra2 56. Ke3 Kf5 57. g3 Ke5 58. f3 Ra1 59. f4+ gxf4+ 60. gxf4+ Kd5 61. Rc5+ Kd6 62. Rc3 Kd5 63. Kd3 Ra2 64. f5 Ke5 65. Rc5+ Kd6 66. Rxb5 Rxa3+ 67. Kc4 Rf3 68. Rd5+ Kc6 69. Rc5+ Kb6 70. Ra5 a3 71. Kd4 a2 72. Ke5 Rf2 73. Kf6 Re2 74. Kf7 Rf2 75. f6 Re2 76. Kg8 Rg2+ 77. Kh7 Rf2 78. Kg6 Rg2+ 79. Kf7 Rf2 80. Ke6 Re2+ 81. Kd5 Rf2 82. Kc4 Rxf6 83. Rxa2 Rf4+ 84. Kb3 Rh4 85. Rg2 Rh3+ 86. Ka4 Rh4 87. Rg6+ Kb7 88. Ka5 Rh5+ 89. b5 Rf5 90. Rg7+ Kb8 91. Ka6 Rf6+ 92. b6 Rf8 1/2-1/2